| Tag |
First Indicator |
Second Indicator |
Subfields |
| LEADER |
00000cas a2200000 a 4500 |
| 001 |
in00002811405 |
| 005 |
20151203084449.0 |
| 006 |
m o d |
| 007 |
cr ||||||||||| |
| 008 |
100413c20109999enkmr poo 0 0eng |
| 010 |
|
|
|a 2010243380
|
| 016 |
7 |
|
|a 101528555
|2 DNLM
|
| 016 |
7 |
|
|a 2553671-0
|2 DE-600
|
| 022 |
|
|
|a 2041-1723
|l 2041-1723
|
| 029 |
0 |
|
|a NLM
|b 101528555
|
| 029 |
1 |
|
|a HEBIS
|b 223230480
|
| 029 |
1 |
|
|a AU@
|b 000045577903
|
| 029 |
1 |
|
|a NZ1
|b 13533768
|
| 035 |
|
|
|a (OCoLC)ocn614340895
|
| 035 |
|
|
|a (OCoLC)614340895
|
| 040 |
|
|
|a NLM
|b eng
|c NLM
|d HEBIS
|d BUF
|d MYG
|d OCLCQ
|d TXA
|d UtOrBLW
|
| 042 |
|
|
|a pcc
|
| 049 |
|
|
|a TXAM
|
| 050 |
1 |
4 |
|a QH301
|b .N36 Electronic
|
| 060 |
1 |
0 |
|a W1
|
| 210 |
1 |
0 |
|a Nat Commun
|
| 245 |
0 |
0 |
|a Nature communications.
|
| 264 |
|
1 |
|a [London] :
|b Nature Publishing Group.
|
| 310 |
|
|
|a Monthly
|
| 336 |
|
|
|a text
|b txt
|2 rdacontent
|
| 337 |
|
|
|a computer
|b c
|2 rdamedia
|
| 338 |
|
|
|a online resource
|b cr
|2 rdacarrier
|
| 362 |
1 |
|
|a Began with: 12 April 2010.
|
| 538 |
|
|
|a Mode of access: World Wide Web.
|
| 588 |
|
|
|a Description based on: 12 April 2010; title from HTML header (publisher's Web site, viewed Aug. 30, 2011).
|
| 588 |
|
|
|a Latest issue consulted: 30 August 2011 (viewed Aug. 30, 2011).
|
| 500 |
|
|
|a Electronic resource.
|
| 650 |
|
0 |
|a Biology
|v Periodicals.
|
| 650 |
|
0 |
|a Physical sciences
|v Periodicals.
|
| 650 |
|
0 |
|a Chemistry
|v Periodicals.
|
| 650 |
1 |
2 |
|a Biological Science Disciplines
|v Periodicals.
|
| 650 |
|
2 |
|a Chemistry
|v Periodicals.
|
| 650 |
|
2 |
|a Physics
|v Periodicals.
|
| 850 |
|
|
|a DNLM
|
| 948 |
|
|
|a cataloged
|b h
|c 2013/3/11
|d c
|e spoltoratski
|f 10:17:07 am
|g sc
|
| 994 |
|
|
|a C0
|b TXA
|
| 999 |
|
|
|a MARS
|
| 999 |
f |
f |
|s a8bdaba4-9fb7-39a8-a2c0-32dc3e87e6e1
|i 192e9c5a-ed5b-37c9-80c0-ee986c324d23
|t 0
|
| 952 |
f |
f |
|a Texas A&M University
|b College Station
|c Electronic Resources
|d Available Online
|t 0
|e QH301 .N36
|g Electronic
|h Library of Congress classification
|
| 998 |
f |
f |
|a QH301 .N36
|t 0
|l Available Online
|